[Event "EU-ch 2nd"]
[Site "Ohrid"]
[Date "2001.06.10"]
[Round "9"]
[White "Dautov, Rustem"]
[Black "Stefansson, Hannes"]
[Result "1-0"]
[WhiteElo "2631"]
[BlackElo "2570"]
[Annotator "Dautov,R"]
[PlyCount "71"]
[EventDate "2001.06.01"]
[EventType "swiss"]
[EventRounds "13"]
[EventCountry "YUG"]
[SourceTitle "CBM 084"]
[Source "ChessBase"]
[SourceDate "2001.09.13"]
[SourceVersion "1"]
[SourceVersionDate "2001.09.13"]
[SourceQuality "1"]

1. d4 {Ftacnik} Nf6 2. c4 e6 3. Nf3 b6 4. g3 Ba6 5. Qa4 Bb7 6. Bg2 c5 7. dxc5
bxc5 8. O-O Be7 9. Nc3 O-O 10. Bf4 d6 11. Rad1 Qb6 12. Rd2 Rd8 13. Rfd1 {
Es entstand eine bekannte theoretische Stellung. Weiß hat Druck gegen den
Bauern d6 und will ihn durch Ng5-e4, Qa4-b5 (b3) oder e4-e5 verstärken.
Schwarz versucht, diesen Druck zu neutralisieren und seine Entwicklung zu
beenden.} h6 {Gegen den möglichen Ausfall Ng5 gerichtet. Die anderen
Möglichkeiten sind 13...a6, 13..Na6 und 13..Ne8.} 14. Qb5 {Durch dieses
Abtauschangebot wird Schwarz zu 14...Ne8 gezwungen.} Ne8 15. e4 {Prinzipiell
gespielt, es droht e4-e5.} ({Harmlos ist} 15. Qxb6 axb6 16. b3 {, Schwarz hat
verschiedene Wege zum Ausgleich:} Nd7 (16... g5 17. Be3 Nd7 $11) 17. Nb5 d5 18.
cxd5 Bxd5 19. Nc3 Bc6 20. a4 g5 $2 (20... Ndf6) 21. Nxg5 Bxg2 22. Kxg2 hxg5 23.
Rxd7 $16 {Sorin,A-Frois,F/Buenos Aires 1998}) 15... Nd7 $146 {Dieser Zug ist
neu.} ({In der Praxis kam bereits} 15... g5 16. Be3 Nc6 $6 {vor, nach} 17. e5
$1 dxe5 18. Rxd8 Rxd8 19. Rxd8 Bxd8 20. Bxc5 Qc7 21. Nxe5 a6 22. Qa4 Qxe5 23.
Bxc6 $16 {hatte Schwarz einen schweren Stand in Seres,L-Orgovan,S/Ungarn 1999.}
) 16. e5 {Ftacnik: 'White has seemingly achieved a lot, as his rooks exercise
pressure along the d file. Black's position is still rather flexible and solid.
'} ({Nicht viel versprach Weiß} 16. Qxb6 axb6 $1 (16... Nxb6 17. b3 g5 18. Be3
$14 {mit den Ideen 18.e5 und 19.h4.}) 17. e5 Nxe5 18. Nxe5 (18. Bxe5 dxe5 19.
Rd7 Bxf3 $1 20. Bxf3 e4 21. Nxe4 (21. Bxe4 Nf6 $11) 21... Kf8 $11) 18... Bxg2
19. Nxf7 Kxf7 20. Kxg2 g5 21. Be3 Bf6 $11) 16... Qxb5 ({In der Variante} 16...
Nxe5 $2 17. Bxe5 dxe5 18. Rd7 {macht sich die Tatsache bemerkbar, daß Weiß die
Damen noch nicht getauscht hat:} Bxf3 19. Bxf3 e4 20. Nxe4 Kf8 21. Rxd8 Rxd8
22. Rxd8 Bxd8 23. Nxc5 $16) ({Zu einem leichten weißen Vorteil führte} 16... d5
$5 17. cxd5 exd5 18. Nh4 {'!?' Ftacnik.} (18. Ne1 {Ftacnik} Qxb5 19. Nxb5 Nb6
20. b3 a6 21. Nc3 Nc7 $11) 18... Bxh4 19. gxh4 Nc7 20. Qxb6 Nxb6 21. b3 Ne6 22.
Be3 d4 23. Bxb7 Rab8 24. Be4 dxe3 25. fxe3 $14) 17. Nxb5 d5 (17... Nxe5 {
Ftacnik} 18. Nxe5 Bxg2 19. Nxf7 Kxf7 20. Kxg2 $14) 18. cxd5 Bxd5 $1 {Mit
diesem genauen Zug gleicht Schwarz aus. Dank seinem Vorposten auf d5 hat er
zumindest keine Probleme.} ({Die Variante} 18... exd5 $6 19. Nh4 $1 Bxh4 (19...
Nb6 $2 20. Nf5 Bf8 21. Nbd6 Nxd6 22. exd6 $14) 20. gxh4 Nb6 21. Nd6 Nxd6 22.
exd6 $14 {ist eindeutig günstig für Weiß.}) 19. Nc3 Nc7 (19... Nb6 $5 20. Nxd5
Nxd5 21. Ne1 (21. Nh4 $2 Nxf4 $17) 21... Nec7 $11) 20. Nxd5 Nxd5 (20... exd5 {
Ftacnik} 21. e6 $1 Nxe6 22. Rxd5 Nb6 23. Rxd8+ Rxd8 24. Rxd8+ Bxd8 25. Bb8 $14)
21. Nh4 $6 {Ftacnik: 'This move looks a bit odd as white does not want to lose
the bishop on the f4 square.'  Ich habe beschlossen, auf Gewinn zu spielen,
obwohl mir die Risiken durchaus bewußt waren.} ({Zu einer ungefähr
ausgeglichenen Stellung führte} 21. g4 N7b6 (21... Nxf4 $1 {Ftacnik} 22. Rxd7
Kf8 $11) 22. Bg3 Rab8 23. Bf1) 21... Bxh4 (21... N7b6 $2 22. Nf5 exf5 23. Bxd5
Nxd5 24. Rxd5 $14) (21... Nxf4 {Ftacnik} 22. Bxa8 Bxh4 23. Rxd7 Rxa8 24. gxf4
$18) (21... g5 $2 {Ftacnik} 22. Nf5 Bf8 23. Bxd5 exd5 24. Rxd5 $18) 22. gxh4
N7b6 23. Bg3 {Das entstandene Endspiel ist sehr ungewöhnlich. Die weißen
Läufer sind nicht übermäßig aktiv und haben keine Angriffsobjekte. Die
schwarzen Springer sind dagegen sehr mobil. Meine Hoffnung war, den Marsch des
Bauern f2 bis f5 zu verwirklichen, um Schwächen zu kreieren. Dieser Plan ist
aber sehr schwer durchführbar, während Schwarz mit seinem Spiel auf dem
Damenflügel sehr schnell vorankommt.} (23. h5 $6 {Ftacnik} Nc4 $1 24. Bxd5 exd5
25. Rxd5 Rxd5 26. Rxd5 Nxb2 $11) 23... Rac8 $6 ({Unklar war die Fixierung} 
23... h5 $5 24. Bf3 (24. Bf4 $5) 24... g6 25. Bf4 $1 Rab8 (25... Nc4 $5) 26.
Bg5 Rdc8 27. Rc2 {, mit gegenseitigen Chancen.}) ({Aber die Turmaufstellung} 
23... Rab8 $1 24. h5 Rdc8 {sah wesentlich besser aus als der Textzug.}) (23...
h5 $1 $11 {Ftacnik}) 24. h5 {'!' Ftacnik. Ftacnik: 'After this move white has
a chance to open the position for his bishop's pair.'} c4 (24... Nc4 {Ftacnik}
25. Rc2 Ncb6 26. Be4 c4 $13) 25. f4 c3 $2 {Stefannson überschätzt seine
Möglichkeiten. Er sollte in jedem Fall f4-f5 verhindern.} (25... Re8 $1 26. Rc1
$11 (26. f5 $2 Ne3 $17)) (25... Na4 {Ftacnik} 26. f5 $1 c3 27. bxc3 Naxc3 28.
fxe6 fxe6 29. Re1 $14) 26. bxc3 Rxc3 (26... Nc4 27. Rd4 Nce3 28. R1d3 Nxg2 29.
Kxg2 $16) 27. f5 Re8 (27... Nc4 28. Rd3 $14) 28. fxe6 fxe6 29. Bh3 $14 {
Ftacnik: 'The prospect's of the far reaching bishops have been seriously
improved.'  Nach der glücklichen Ausführung seines Planes steht Weiß bereits
etwas besser. Ein schwarzer Turm ist an die Schwäche e6 gebunden, und Weiß
braucht nur den zweiten abtauschen, um z.B, auf c6 eindringen zu können. Aber
so weit kommt es nicht. Der isländische Großmeister, offensichtlich durch den
Kulissenwechsel verwirrt, greift sofort fehl.} Nf4 $6 ({Richtig war} 29... a5
$14) (29... Ra3 {Ftacnik} 30. Rf2 $14) 30. Bg4 Nbd5 $2 {Diese "Aktivierung"
kostet Schwarz Material.} 31. Rd4 $1 $16 {Der Springer f4 ist gefangen.} g5 (
31... Rf8 32. Rf1 $18) (31... Ne3 {Ftacnik} 32. Bxf4 Nxg4 33. Bd2 $18) 32. hxg6
Nxg6 33. Bxe6+ Rxe6 34. Rxd5 h5 (34... Kf7 {Ftacnik} 35. R1d2 h5 $16) 35. Rd6
Kf7 $2 {Verliert sofort.} ({Auch nach} 35... Nf8 36. R1d2 {sollte Weiß
allmählich gewinnen.}) 36. Rf1+ 1-0

[Event "Bundesliga 0102"]
[Site "Germany"]
[Date "2001.10.07"]
[Round "2.1"]
[White "Dautov, Rustem"]
[Black "Shirov, Alexei"]
[Result "1-0"]
[WhiteElo "2630"]
[BlackElo "2706"]
[Annotator "Dautov,R"]
[PlyCount "65"]
[EventDate "2001.10.06"]
[EventType "team-tourn"]
[EventRounds "15"]
[EventCountry "GER"]
[SourceTitle "EXT 2002"]
[Source "ChessBase"]
[SourceDate "2001.11.25"]
[SourceVersion "1"]
[SourceVersionDate "2001.11.25"]
[SourceQuality "1"]
[WhiteTeam "Godesberg"]
[BlackTeam "Luebeck"]
[WhiteTeamCountry "GER"]
[BlackTeamCountry "GER"]

1. d4 d5 2. c4 c6 3. Nf3 Nf6 4. e3 e6 5. Bd3 Nbd7 6. O-O Bd6 7. Nbd2 {Auf
diese Weise vermeidet Weiß die Variante 7.Nc3 0-0 8.e4 dxc4 9.Bxc4 e5, die
nach dem letzten Theoriestand dem Nachziehenden ein gutes Gegenspiel
verspricht.} O-O 8. e4 e5 {Die beste Erwiderung. Schwarz opfert einen Bauern,
bekommt aber dafür das Läuferpaar.} 9. cxd5 cxd5 10. exd5 exd4 11. Ne4 ({
Der andere bekannte Versuch ist} 11. Nc4) 11... Nxe4 12. Bxe4 Nf6 13. Qxd4 Nxe4
14. Qxe4 Re8 15. Qd4 {M.E. der beste Zug, der den Ausfall der schwarzen Dame
auf f6 verhindert.} ({Weniger gut ist} 15. Qd3 {wegen} Qf6 $1 {,z.B} 16. Bg5 (
16. Be3 Bf5 17. Qd2 Be4 $11) (16. Bd2 Bf5 17. Qd4 Qxd4 18. Nxd4 Be4 $11) 16...
Bf5 17. Qd2 Qg6 18. Bf4 Be4 19. Bxd6 Qxd6 20. Ng5 Qxd5 $11 {Chiburdanidze,
M-Wang Lei/Shanghai 2001}) 15... Bf5 16. Bg5 Qd7 $6 $146 {Eine Neuerung, aber
keine gute.} ({Die Theorie gibt} 16... Qa5 {den Vorzug. Schwarz droht mit der
Aktivierung R (B)e4 und verhindert 17.Rfe1 durch den Angriff gegen den Bauern
a2.} 17. Bd2 Qa6 $5 {Dieser logische Zug wurde bisher noch nicht gespielt, die
schwarze Dame "klebt" weiter am Bauern a2.} ({schlechter ist} 17... Qc5 18.
Rfe1 Qxd4 19. Nxd4 Bd7 20. Bc3 f6 21. h3 Rac8 22. Rxe8+ Rxe8 23. Rd1 $14 {
Rashkovsky,N-Kirov,N/Baku 1983}) ({auch} 17... Qb5 18. Bc3 f6 {verspricht
Schwarz keinen vollständigen Ausgleich:} (18... Bf8 19. Rfe1 Rxe1+ 20. Rxe1 Rd8
21. Qxa7 Qxd5 22. Qd4 Qxd4 23. Nxd4 $14 {Slutzky,L-Tyomkin,D/Israel 1996}) 19.
Rfe1 Red8 20. Nh4 Bd7 21. Qe4 Re8 22. Qf3 Qc4 23. Nf5 Qf4 24. Nxd6 Qxd6 25. a3
a5 26. h3 $16 {Drasko,M-Kosic,D/Podgorica 1993}) 18. Rfe1 Rxe1+ 19. Rxe1 (19.
Bxe1 $5) 19... Qxa2 $11) ({Jedenfalls möglich ist} 16... Qb6 17. Qxb6 (17. Be3
Qa6 $44 {Averkin,O-Neverov,V/URS 1985}) 17... axb6 18. Be3 b5 19. Nd4 Bd7 20.
Rfd1 $14) 17. Rfe1 {Selbstverständlich nutzt Weiß die Zeit, um den Punkt e4
unter Kontrolle zu bringen.} b6 {Deckt den Bauern a7 und bereitet den Angriff
gegen den Bauern d5 vor: f6, Rxe1, Rd8. Um diesem Plan zuvorzukommen, muß Weiß
energisch handeln.} 18. Bh4 $1 $16 {Am besten. Weiß möchte mit Bh4-g3 die
schwarze Blockade aufheben.} (18. Bf4 $2 {stellte den Bauern d5 ein:} Bxf4 19.
Qxf4 Qxd5 $11) (18. Rad1 $6 {erlaubt Schwarz, seinen Plan zu demonstrieren:}
Rxe1+ 19. Rxe1 f6 20. Bh4 Rd8 21. Qd2 Bf8 $11) 18... Bc5 {Shirov sah, daß
seine Stellung langsam kritisch wurde und wählte wie immer die Flucht nach
vorne. Es fällt mir jedoch schwer, gegen die Idee Bh4-g3 etwas Besseres
vorzuschlagen.} ({Der Druck gegen d5 brachte bereits keine Erleichterung:} 
18... f6 19. Bg3 Rxe1+ ({Oder} 19... Bc5 20. Qd2 Rxe1+ 21. Rxe1 Rd8 22. d6 $1
$16) 20. Rxe1 Rd8 21. Bxd6 Qxd6 22. Qa4 $1 (22. Rd1 Bc8 $1 {/\Bb7}) 22... Qd7
23. Qa3 $16) 19. Qd2 (19. Qc4 Rac8 20. Rxe8+ Qxe8 21. Qb3 $16 {war auch nicht
schlecht, aber ich wollte meine Dame so platzieren, daß sie den Bauernschritt
d5-d6 unterstützt.}) 19... Be4 20. Rad1 a5 {Hier verbrauchte Alexei eine halbe
Stunde Bedenkzeit, ohne etwas Gutes zu finden.} 21. a3 Qg4 (21... f6 22. Bg3
Rad8 23. d6 $16) 22. Bg3 Bxf3 23. gxf3 Qxf3 24. d6 $18 {Schwarz gewann den
Bauern zurück und schwächte den weißen König, aber gegen den Vormarsch des
Freibauern d5 kann er nichts unternehmen. Nebenbei droht der Figurengewinn 25.
b4.} Red8 25. d7 {Es droht das vernichtende 26.Qd5, und nach dem Damentausch
gewinnt Weiß mit Bg3-c7.} ({Selbstverständlich nicht} 25. b4 $4 Bxd6 26. Bxd6
Qg4+ $11) 25... h5 (25... Ra7 $2 26. Re8+) 26. Qd5 Qf6 (26... Qg4 27. Kh1 $18 {
/\Bc7} (27. Qe4 $18) (27. Re4 $18)) 27. Qxa8 Rxa8 28. Re8+ Kh7 29. Rxa8 Be7 30.
Re1 $1 {Am einfachsten.} Bd8 31. h4 b5 32. Rxd8 Qxd8 33. Rd1 {/\Bc7} 1-0

[Event "Bundesliga 0102"]
[Site "Germany"]
[Date "2002.03.17"]
[Round "11.1"]
[White "Dautov, Rustem"]
[Black "Beliavsky, Alexander G"]
[Result "1-0"]
[WhiteElo "2630"]
[BlackElo "2659"]
[Annotator "Dautov,R"]
[PlyCount "109"]
[EventDate "2001.10.06"]
[EventType "team-tourn"]
[EventRounds "15"]
[EventCountry "GER"]
[SourceTitle "CBM 088"]
[Source "ChessBase"]
[SourceDate "2002.03.21"]
[SourceVersion "1"]
[SourceVersionDate "2002.03.21"]
[SourceQuality "1"]
[WhiteTeam "Godesberg"]
[BlackTeam "Koenig Plauen"]
[WhiteTeamCountry "GER"]
[BlackTeamCountry "GER"]

1. d4 Nf6 2. c4 e6 3. Nf3 b6 4. g3 Ba6 5. b3 Bb4+ 6. Bd2 Be7 7. Nc3 c6 8. e4 d5
9. Qc2 (9. Bd3 dxc4 10. bxc4 e5 $1) (9. e5 Ne4 10. Bd3 Nxc3 11. Bxc3 c5 {
ist die Hauptvariante.}) 9... Bb4 $6 $146 {Diese Neuerung dürfte nicht viele
Nachfolger finden. Zuverlässiger ist das mehrmals gespielte 9...dxe4.} (9...
dxe4 10. Nxe4 Bb7 11. Bc3 $5 (11. Bg2 c5 12. Neg5 O-O 13. dxc5 h6 14. Nh3 Be4
15. Qb2 bxc5 16. O-O Qb6 17. Bc3 Qb7 18. Qe2 Nbd7 19. Nf4 Rfe8 $11 {Gheorghiu,
F-Ribli,Z/Baile Herculane 1982}) (11. Bd3 Nbd7 12. O-O Nxe4 13. Bxe4 Nf6 14.
Ne5 Rc8 15. Bc3 Nxe4 16. Qxe4 O-O 17. Rad1 Qc7 $11 {Savon,V-Kalugin,S/Orel 1997
}) 11... c5 12. Bd3 cxd4 13. Nxd4 Nbd7 14. O-O-O Nc5 15. Nxf6+ Bxf6 16. Rhe1
Bxd4 17. Bf1 O-O 18. Rxd4 Qe7 19. b4 Nd7 20. Bd3 h6 21. Qd2 $14 {Borges Mateos,
J-Berzinsh,R/Barcelona 2000}) 10. e5 Bxc3 (10... Nfd7 11. Rd1 $14) 11. Bxc3 Ne4
12. Bd3 $1 (12. Bb2 c5 13. Bd3 Bb7 $13) 12... Nxc3 13. Qxc3 Bb7 ({Auch im
Falle von} 13... O-O 14. O-O Nd7 {bekommt Weiß einen leichten Vorteil:} 15.
cxd5 Bxd3 16. Qxd3 cxd5 (16... exd5 17. Rac1 Rc8 18. Nh4 $1 $14) 17. Rac1 Rc8
18. Rc3 Rxc3 19. Qxc3 $14) 14. O-O O-O (14... dxc4 $2 15. bxc4 c5 16. Bc2 Nd7
17. Rad1 cxd4 18. Nxd4 Qe7 19. Nb5 $16) 15. Qc2 h6 16. cxd5 cxd5 $6 {In der
damit entstehenden "französischen" Bauernstruktur wird Schwarz dauerhaft unter
Druck stehen.} ({Chancenreicher für Schwarz war es, die Bauernstruktur
flexibel zu lassen:} 16... Qxd5 17. Be4 Qd7 18. Rac1 Rc8 19. Rfd1 Na6 20. a3
$14) 17. Rac1 $14 Nc6 18. Qd2 Qe7 (18... f6 $2 19. Bb5 Rc8 20. exf6 Qxf6 21.
Bxc6 Bxc6 22. Ne5 $16) 19. Bb1 $1 {Durch die Mattdrohungen schwächt Weiß die
Bauerndeckung des gegnerischen Königs.} Rfc8 20. Qd3 g6 21. h4 a5 22. Qe3 h5 ({
Nach} 22... Kg7 {mußte Beliavsky mit} 23. h5 $1 (23. Nh2 h5) 23... Ba6 24. Rfe1
gxh5 25. Kg2 $40 {rechnen.}) 23. Qh6 $5 {Dieses Damenmanöver sieht nach reinem
Zeitverlust aus, da Schwarz schnell alle Türme abtauschen kann. Dennoch ist
die Sache nicht so einfach. Außer der naheliegenden Idee Nc6-b4 mit dem
Turmtausch sollte Weiß mit dem gegnerischen Gegenspiel nach a5-a4 rechnen. Und
dafür wird Schwarz in der Partie kaum Zeit haben.} (23. Rc3 a4 $1 24. Rfc1 axb3
25. axb3 Na5 $132) 23... Qf8 24. Qf4 ({Noch besser war} 24. Qg5 $1 {(mit der
Idee Bxg6)} Qd8 $1 (24... Qe7 $4 25. Rxc6 $18) 25. Qf4 a4 $2 (25... Ba6 26.
Rfe1 Nb4 $14) 26. Ng5 Qe7 27. g4 axb3 28. axb3 hxg4 29. Qxg4 $40) 24... Ba6 ({
Riskant war} 24... a4 $6 {, der weiße Angriff kann schnell gefährlich werden:}
25. g4 axb3 26. axb3 hxg4 27. Ng5 Ra3 (27... Na5 $5 28. Rxc8 Rxc8 29. Qxg4 $40
{/\Bxg6,/\h5}) 28. Qxg4 Qh6 (28... Rxb3 $2 29. h5 gxh5 30. Bh7+ $1 Kh8 31. Qxh5
$18) (28... Qe7 29. Rc3 Nd8 30. Rg3 $16) 29. Qf4 Qg7 (29... Qf8 30. h5 $16) 30.
Rc3 $40) 25. Rfe1 Nb4 26. Qd2 {Sebstverständlich darf Weiß den Abtausch auf d3
nicht zulassen.} Rxc1 27. Rxc1 Rc8 28. Rxc8 Qxc8 {Beliavsky hat sein Ziel
erreicht und alle Türme abgetauscht. Aber zu seinem Leidwesen ist das
Potential der restlichen weißen Figuren immer noch ausreichend, um einen
gefährlichen Angriff aufzubauen.} 29. Kg2 Qe8 30. a3 Nc6 ({Die taktische
Möglichkeit} 30... Qb5 {brachte Schwarz ebenfalls keine Erleichterung:} 31.
Bxg6 $1 fxg6 32. axb4 Qf1+ 33. Kh2 Be2 (33... Qe2 34. Qxe2 Bxe2 35. bxa5 bxa5
36. Nd2 $16) 34. Qe3 Bxf3 35. Qxf3 axb4 36. Qf6 Kh7 37. Qf8 $1 Qe2 38. Qf7+ Kh8
39. Qf4 Kh7 40. Kg2 $16) 31. Ng5 Nb8 $2 {Die folgende Springerüberführung
erleichtert keineswegs die Verteidigung von Schwarz, ganz im Gegenteil.} ({
Zäher war} 31... Qe7 32. Qf4 Nd8 (32... Kg7 $5 33. Bc2 $14) 33. Qc1 $14 (33. g4
hxg4 34. Qxg4 $2 Qxa3 35. h5 $2 Qc1 $17) (33. Bc2 $5 $14 Qxa3 $2 34. Qf6 Qf8
35. Nxf7 Nxf7 36. Qxg6+ Qg7 37. Qxe6 $16)) 32. Qf4 Nd7 33. g4 $16 hxg4 (33...
Be2 34. f3 $16) 34. Qxg4 {Nach der Durchsetzung von g3-g4 läuft der weiße
Angriff von selbst.} Nf8 $2 ({Besser war} 34... Qe7 35. h5 Be2 36. f3 f5 37.
exf6 $1 Nxf6 38. Qg3 Nxh5 39. Qe5 Qf6 40. Qxf6 Nxf6 41. Bxg6 Bd1 42. b4 axb4
43. axb4 Kg7 44. Bb1 $16) 35. h5 Qe7 36. hxg6 fxg6 37. Nh3 $1 Qe8 38. Nf4 Kh7
$2 {Der Verlust des Bauern war zu vermeiden.} (38... Kg7 $142 39. Qg5 $16) 39.
Qh4+ Kg8 40. Qh6 Qf7 41. Bxg6 Qg7 42. Qxg7+ Kxg7 43. Be8 {Weiß hat mehr
Material bei überlegener Stellung, die Vorteilumsetzung ist nicht schwer.} Kh6
44. Kg3 Kg5 45. f3 Bc8 46. Nh3+ Kf5 47. Bh5 Bd7 48. Kh4 Bb5 49. Bg4+ Kg6 50.
Nf4+ Kf7 51. Kg5 Ke7 52. Kh6 Kf7 53. Bh5+ Kg8 54. Bg6 Bc6 55. Nh3 1-0

[Event "Bundesliga 0304"]
[Site "Germany"]
[Date "2003.11.01"]
[Round "1.2"]
[White "Nisipeanu, Liviu Dieter"]
[Black "Dautov, Rustem"]
[Result "0-1"]
[WhiteElo "2675"]
[BlackElo "2610"]
[Annotator "Dautov,R"]
[PlyCount "60"]
[EventDate "2003.11.01"]
[EventType "team-tourn"]
[EventRounds "15"]
[EventCountry "GER"]
[SourceTitle "EXT 2004"]
[Source "ChessBase"]
[SourceDate "2003.11.25"]
[SourceVersion "1"]
[SourceVersionDate "2003.11.25"]
[SourceQuality "1"]
[WhiteTeam "Kreuzberg"]
[BlackTeam "Baden Oos"]
[WhiteTeamCountry "GER"]
[BlackTeamCountry "GER"]

1. e4 c6 2. d3 d5 3. Nd2 e5 4. Ngf3 Bd6 5. g3 Nf6 6. Bg2 O-O 7. O-O Re8 8. Re1
Bg4 {Geläufig ist hier 8...Nbd7, aber ich wollte eine Stellung aus der
Reti-Eröffnung aufs Brett bekommen.} (8... Nbd7) 9. c3 {Es war im jeden Fall
genauer, jetzt oder in den nächsten Zügen h2-h3 einzuschalten.} (9. h3 Bh5 10.
Nf1 (10. c3 a5 11. Qc2 Nbd7 12. b3 Bg6 13. Nh4 Bc5 14. Nxg6 hxg6 15. Nf3 Qb6
16. a3 $14) 10... Nbd7 11. g4 Bg6 12. Ng3 dxe4 13. dxe4 Bc5 14. Nd2 $1 Nf8 15.
g5 N6d7 16. h4 h6 17. Nb3 hxg5 18. Nxc5 Nxc5 19. Qxd8 Rexd8 $1 20. h5 $1 Bh7
21. Bxg5 f6 22. Be3 $14 {Ljubojevic,L-Seirawan,Y/Rotterdam 1989}) 9... Nbd7 (
9... Qd7 $5 10. Qc2 a5 {/\Na6} 11. d4 Nxe4 12. Nxe4 dxe4 13. Nxe5 Bxe5 14. dxe5
Bf3 $11) 10. Qc2 Qc7 (10... h6 $1 11. h3 Be6) 11. Nf1 $6 {Es war noch nicht zu
spät für 11.h3!} (11. h3 Bh5 12. Nh4 (12. Nf1 $5) 12... dxe4 (12... Rad8 13.
Nf1 dxe4 14. dxe4 a5 15. Bg5 h6 16. Bd2 Nf8) 13. dxe4 a5 14. a4 Bc5 15. Nb3 Bb6
16. Bg5 h6 17. Bc1 Nc5 18. Be3 Ne6 19. Nd2 Bxe3 20. Rxe3 Rad8 $11 {Csom,
I-Arnold,L/Paks 2000/}) 11... h6 $1 {Nun findet der Bg4 einen guten und
sicheren Platz auf e6, wo er nicht jeden Moment abgetauscht werden kann.} 12.
Ne3 Be6 13. Nh4 (13. Nf5 Bxf5 14. exf5 e4 15. dxe4 Nxe4 $15) 13... a5 $15 {
Die schwarze Stellung ist bereits vorzuziehen.} 14. Qe2 {Weiß hofft, durch die
Überführung seiner Dame etwas mehr Druck auf dem Königsflügel aufzubauen.} (14.
Nhf5 Bf8 $15 {/\g6}) (14. Nef5 Bf8 15. h3 Rad8 {/\Kh7,g6} 16. g4 dxe4 17. dxe4
Nc5 18. Bf1 Qd7 $17 {/\Nd3}) (14. b3 a4 15. b4 b5 16. a3 Bf8 17. Bb2 dxe4 18.
dxe4 Nb6 $15) 14... Rad8 15. Qf3 Bf8 16. Bf1 (16. Nhf5 g6 17. g4 Nc5 $17) 16...
Kh7 {Ein Wartezug, der gleichzeitig g7-g6 vorbereitet.} (16... dxe4 17. dxe4
Nh7 $5 $15) (16... g6 $5 $15) 17. g4 $6 {Diese pseudoaktive Aktion vergrößert
bloß den weißen Nachteil. 17.h3 nebst Ne3-g4 hielt dagegen den Schaden in
Grenzen.} (17. h3 dxe4 18. dxe4 Nc5 19. Ng4 Nxg4 20. hxg4 f6 $15) 17... g6 (
17... dxe4 18. dxe4 Nc5 $6 19. Nef5 g6 20. Nxh6 Nfxe4 21. Qh3 $40) 18. Nef5 {
Die logische Fortsetzung des Angriffs, aber Schwarz hat eine Entlastungsidee
parat.} dxe4 19. dxe4 gxf5 $1 (19... b5 $6 20. Nxh6 Bxh6 21. g5 Bg7 22. gxf6
Bxf6 23. Qg3 $13) 20. gxf5 Bd5 21. exd5 cxd5 {Als Folge des Abtauschs bekam
Schwarz ein mobiles Bauernzentrum und Gegenchancen auf dem Königsflügel, da
der weiße Monarch kaum sicherer steht als der schwarze.} 22. Qh3 e4 $1 {
Verhindert das gegnerische Angriffsmanöver Nf3-g5 und bereitet das seine
Ne5-g4 (f3, d3) vor.} 23. Kh1 $2 $138 {Dieser naheliegende Zug in beginnender
Zeitnot schwächt lediglich den Bauern f2 und erlaubt die folgende Kombination.
Richtig war 23.Be2.} (23. Be2 Ne5 (23... Qb6 24. Ng2 Ne5 25. Rb1 d4 26. cxd4
Qxd4 27. Bg5 Bg7 $17) 24. Ng2 Bg7 25. Bf4 Qb6 26. Qg3 Nfd7 27. Rab1 Nc5 $17)
23... Ne5 24. Bf4 (24. Be2 Qb6 $17 {><f2, b2}) 24... Bd6 $1 {/\Neg4} (24... Qb6
$5 $17) 25. Be2 Nd3 $1 26. Bxd6 $2 {Der entscheidende Fehler, aber 25.Bxd3 war
ebenfalls trostlos.} (26. Bxd3 Bxf4 27. Bb5 Rg8 $17) 26... Nxf2+ 27. Kg2 Qb6 $1
$19 {Diese taktische Finesse, in Zeitnot nur schwer zu sehen, gewinnt
zumindest einen Bauern.} 28. Qg3 (28. Bc7 Rg8+ 29. Ng6 Qxc7 30. Kxf2 fxg6 $19)
28... Rg8 29. Ng6 Rxd6 30. Qxf2 fxg6 {, und Nisipeanu ersparte mir edlerweise
die Gewinnumsetzung.} (30... fxg6 31. Qf4 Rd7 $19) 0-1